<?xml version="1.0" encoding="UTF-8"?>
<record
    xmlns:xsi="http://www.w3.org/2001/XMLSchema-instance"
    xsi:schemaLocation="http://www.loc.gov/MARC21/slim http://www.loc.gov/standards/marcxml/schema/MARC21slim.xsd"
    xmlns="http://www.loc.gov/MARC21/slim">

  <leader>01019nam a2200289 a 4500</leader>
  <controlfield tag="008">960511s1959||||[C               0  cze c</controlfield>
  <datafield tag="040" ind1=" " ind2=" ">
    <subfield code="a">SNK</subfield>
    <subfield code="b">slo</subfield>
    <subfield code="c">SNK</subfield>
    <subfield code="e">AACR2</subfield>
  </datafield>
  <datafield tag="041" ind1="1" ind2=" ">
    <subfield code="a">cze</subfield>
  </datafield>
  <datafield tag="044" ind1=" " ind2=" ">
    <subfield code="a">xo</subfield>
    <subfield code="c">SK</subfield>
  </datafield>
  <datafield tag="080" ind1=" " ind2=" ">
    <subfield code="a">784.4:785.14:785.12</subfield>
  </datafield>
  <datafield tag="080" ind1=" " ind2=" ">
    <subfield code="a">785.14</subfield>
  </datafield>
  <datafield tag="080" ind1=" " ind2=" ">
    <subfield code="a">785.12</subfield>
  </datafield>
  <datafield tag="110" ind1="0" ind2=" ">
    <subfield code="a">Sbor Lubom&#xED;ra P&#xE1;nka</subfield>
    <subfield code="4">nrt</subfield>
  </datafield>
  <datafield tag="245" ind1="1" ind2="0">
    <subfield code="a">Pod jednou st&#x159;echou</subfield>
    <subfield code="h">Audioz&#xE1;znam</subfield>
    <subfield code="b">S &#x10C;eskou muzikou Josefa Charv&#xE1;ta, Josefem Bekem a herci pra&#x17E;sk&#xFD;ch divadel</subfield>
    <subfield code="c">Spieva Sbor Lubom&#xED;ra P&#xE1;nka ; Spieva Josef Bek, Jaroslav Satoransk&#xFD;, Pavel Tr&#xE1;vn&#xED;&#x10D;ek, Pavel Zedn&#xED;&#x10D;ek, Svatava &#x10C;ern&#xE1;, Blanka T&#x16F;mov&#xE1; ...</subfield>
  </datafield>
  <datafield tag="260" ind1=" " ind2=" ">
    <subfield code="a">Bratislava</subfield>
    <subfield code="b">Slovensk&#xFD; spisovate&#x13E;</subfield>
    <subfield code="c">1959</subfield>
  </datafield>
  <datafield tag="300" ind1=" " ind2=" ">
    <subfield code="a">2 s.</subfield>
  </datafield>
  <datafield tag="500" ind1=" " ind2=" ">
    <subfield code="a">27 &#x10D;esk&#xFD;ch &#x13E;udov&#xFD;ch piesn&#xED;</subfield>
  </datafield>
  <datafield tag="700" ind1="1" ind2=" ">
    <subfield code="a">Bek, Josef</subfield>
    <subfield code="4">nrt</subfield>
  </datafield>
  <datafield tag="700" ind1="1" ind2=" ">
    <subfield code="a">Satoransk&#xFD;, Jaroslav</subfield>
    <subfield code="4">nrt</subfield>
  </datafield>
  <datafield tag="700" ind1="1" ind2=" ">
    <subfield code="a">Tr&#xE1;vn&#xED;&#x10D;ek, Pavel</subfield>
    <subfield code="4">nrt</subfield>
  </datafield>
  <datafield tag="700" ind1="1" ind2=" ">
    <subfield code="a">Zedn&#xED;&#x10D;ek, Pavel</subfield>
    <subfield code="4">nrt</subfield>
  </datafield>
  <datafield tag="700" ind1="1" ind2=" ">
    <subfield code="a">&#x10C;ern&#xE1;, Svatava</subfield>
    <subfield code="4">nrt</subfield>
  </datafield>
  <datafield tag="700" ind1="1" ind2=" ">
    <subfield code="a">T&#x16F;mov&#xE1; ..., Blanka</subfield>
    <subfield code="4">nrt</subfield>
  </datafield>
  <datafield tag="100" ind1="1" ind2=" ">
    <subfield code="a">Leberecht, Hans</subfield>
  </datafield>
  <datafield tag="020" ind1=" " ind2=" ">
    <subfield code="c">5</subfield>
  </datafield>
  <datafield tag="958" ind1=" " ind2=" ">
    <subfield code="a">J</subfield>
  </datafield>
  <datafield tag="999" ind1=" " ind2=" ">
    <subfield code="c">11319</subfield>
    <subfield code="d">11319</subfield>
  </datafield>
  <datafield tag="952" ind1=" " ind2=" ">
    <subfield code="0">0</subfield>
    <subfield code="1">0</subfield>
    <subfield code="4">0</subfield>
    <subfield code="7">0</subfield>
    <subfield code="8">K</subfield>
    <subfield code="a">10000</subfield>
    <subfield code="b">10000</subfield>
    <subfield code="d">2019-11-29</subfield>
    <subfield code="g">5.00</subfield>
    <subfield code="i">11358</subfield>
    <subfield code="o">B 5493</subfield>
    <subfield code="r">2019-11-29</subfield>
    <subfield code="w">2019-11-29</subfield>
    <subfield code="y">KLDO</subfield>
  </datafield>
</record>
